[Event "9th Amplico Life Rapid"]
[Site "Warsaw POL"]
[Date "2009.12.20"]
[Round "13"]
[White "Mista,A"]
[Black "Grabarczyk,M"]
[Result "0-1"]
[WhiteElo "2563"]
[BlackElo "2475"]
[EventDate "2009.12.19"]

1. e4 e5 2. Nc3 Nc6 3. f4 exf4 4. Nf3 Nf6 5. e5 Nh5 6. d4 d5 7. exd6 Bxd6
8. d5 Ne7 9. Bd3 O-O 10. O-O Nf5 11. Ne4 Re8 12. c4 Rxe4 13. Bxe4 Bc5+ 14.
Rf2 Bxf2+ 15. Kxf2 Qe7 16. Qd3 g6 17. Bd2 Bd7 18. Bxf5 Bxf5 19. Qd4 Re8 20.
Re1 Qd7 21. Rxe8+ Qxe8 22. Bxf4 Qe7 23. Bd2 Nf6 24. Bc3 Ne4+ 25. Kg1 Nxc3
26. Qxc3 Qe2 27. Nd4 Qd1+ 28. Kf2 Bd3 29. Kg3 Qf1 30. b3 Be4 31. Nf3 Qe2
32. Kf4 h6 33. h4 Bxf3 34. gxf3 Qxa2 35. c5 Qh2+ 36. Ke3 Qg1+ 37. Kd2 Qf2+
38. Kc1 Qxh4 39. Qe5 Qg5+ 40. f4 Qxe5 41. fxe5 Kf8 42. Kd2 h5 43. Ke3 h4
44. Kf4 g5+ 45. Kg4 Ke7 46. b4 a6 47. Kh3 f6 48. d6+ cxd6 49. exd6+ Ke6 50.
Kg4 Kd7 51. Kh3 f5 52. Kg2 g4 53. Kh2 f4 54. Kg1 h3 55. Kh2 f3 56. Kg3 Ke6
0-1

[Event "9th Amplico Life Rapid"]
[Site "Warsaw POL"]
[Date "2009.12.20"]
[Round "13"]
[White "Swiercz,D"]
[Black "Gajewski,G"]
[Result "1-0"]
[WhiteElo "2493"]
[BlackElo "2561"]
[EventDate "2009.12.19"]

1. d4 Nf6 2. c4 e6 3. g3 d5 4. Nf3 dxc4 5. Bg2 a6 6. O-O Nc6 7. Nc3 Rb8 8.
e4 Be7 9. e5 Nd5 10. Ne4 h6 11. Qe2 b5 12. Rd1 Bb7 13. a4 Ncb4 14. Ne1 Nb6
15. axb5 axb5 16. h4 Ra8 17. Be3 N6d5 18. Bd2 Qc8 19. Qg4 g6 20. Qe2 c5 21.
Rxa8 Bxa8 22. dxc5 Bxc5 23. Nd6+ Bxd6 24. exd6 Kd7 25. Nf3 Nd3 26. Ba5 Kxd6
27. Ne5 Nxe5 28. Bb4+ Kc6 29. Bxd5+ exd5 30. Qxe5 Rd8 31. Qf6+ Kd7 32. Qd6+
1-0

[Event "9th Amplico Life Rapid"]
[Site "Warsaw POL"]
[Date "2009.12.20"]
[Round "13"]
[White "Schmidt,Wl"]
[Black "Olszewski,Mi"]
[Result "1-0"]
[WhiteElo "2395"]
[BlackElo "2541"]
[EventDate "2009.12.19"]

1. d4 Nf6 2. c4 e6 3. Nc3 c5 4. d5 exd5 5. cxd5 d6 6. Nf3 g6 7. Nd2 Bg7 8.
e4 O-O 9. Be2 a6 10. a4 Nbd7 11. O-O Re8 12. f4 c4 13. Kh1 Nc5 14. e5 dxe5
15. fxe5 Rxe5 16. Nxc4 Rf5 17. Bf4 Nfe4 18. Nxe4 Nxe4 19. Qc2 Nf6 20. Ne3
Qa5 21. Nxf5 Bxf5 22. Qb3 Qxd5 23. Bc4 Qd7 24. Rad1 Qe7 25. Bd6 Qe8 26.
Qxb7 Be4 27. Qe7 Qxa4 28. Qxf7+ Kh8 29. Bb3 Qc6 30. Rxf6 Bxg2+ 31. Kg1 Bh3
32. Qd5 Qc8 33. Rf8+ Qxf8 34. Bxf8 Rxf8 35. Qd6 1-0

[Event "9th Amplico Life Rapid"]
[Site "Warsaw POL"]
[Date "2009.12.20"]
[Round "13"]
[White "Zherebukh,Y"]
[Black "Stupak,K"]
[Result "0-1"]
[WhiteElo "2527"]
[BlackElo "2456"]
[EventDate "2009.12.19"]

1. d4 e6 2. c4 Bb4+ 3. Nc3 c5 4. e3 Nf6 5. Bd3 O-O 6. Nge2 d5 7. a3 dxc4 8.
Bxc4 cxd4 9. axb4 dxc3 10. bxc3 Qc7 11. Bb3 Rd8 12. Qc2 b5 13. f3 Nbd7 14.
e4 h6 15. O-O e5 16. Be3 Nb6 17. Rfd1 Be6 18. Bxe6 Rxd1+ 19. Rxd1 fxe6 20.
Bxb6 Qxb6+ 21. Kh1 Rd8 22. Rxd8+ Qxd8 23. Nc1 Qd6 24. g3 Nd7 25. Nb3 Nb6
26. Qd2 Qxd2 27. Nxd2 Kf7 28. Kg2 a6 29. Kf2 Na4 30. c4 Nb2 31. cxb5 axb5
32. Ke2 g5 33. Nb1 Nc4 34. Nc3 Nd6 35. h3 Kf6 36. Nd1 Nb7 37. Nf2 h5 38.
Nd3 Nd8 39. Ke3 Nc6 40. h4 gxh4 41. gxh4 Ne7 42. f4 exf4+ 43. Nxf4 Nc6 44.
Nxh5+ Kf7 45. Nf4 Nxb4 46. h5 Nc6 47. h6 e5 48. Ne6 Kg6 49. Nc7 Nd4 50. Kd3
Kxh6 51. Kc3 Kg5 52. Ne8 Kf4 53. Nd6 Ke3 54. Kb4 Kd3 0-1